[Event "Tabor op"]
[Site "Tabor"]
[Date "2007.08.01"]
[Round "5"]
[White "Pekarkova, Eva"]
[Black "Hanzl, Miroslav"]
[Result "1-0"]
[WhiteElo "1978"]
[BlackElo "1636"]
[PlyCount "37"]
[EventDate "2007.07.29"]
[EventType "swiss"]
[EventRounds "9"]
[EventCountry "CZE"]
[SourceTitle "EXT 2009"]
[Source "ChessBase"]
[SourceDate "2008.11.26"]
[SourceVersion "1"]
[SourceVersionDate "2008.11.26"]
[SourceQuality "1"]

1. e4 c5 2. Nf3 e6 3. d4 cxd4 4. Nxd4 d6 5. Nc3 a6 6. a4 Qc7 7. Be3 Nf6 8. a5 Be7 9. Be2 0-0 10. 0-0 Nbd7 11. f4 Nc5 12. Bf3 Rb8 13. Qd2 Bd7 14. e5 dxe5 15. fxe5 Nd5 16. Bxd5 exd5 17. Nxd5 Qxe5 18. Nf5 Ne4 19. Nfxe7+ 1-0